Score 0/12 Timer 03:00
1 Play Today
% Correct
Mary Richards
90.5%
Rhoda Morgenstern
83.9%
Ted Baxter
79.2%
Lou Grant
78.6%
Mary Tyler Moore
75%
Ed Asner
72.8%
Phyllis Lindstrom
60.1%
Valerie Harper
59.6%
Cloris Leachman
59.5%
Murray Slaughter
58.2%
Ted Knight
57.6%
Gavin MacLeod
39.5%
Remove Ads.
Support Sporcle.
Get the best of Sporcle when you Go Orange. This ad-free experience offers more features, more stats, and more fun while also helping to support Sporcle. Thank you for becoming a member.

You're not logged in!

Compare scores with friends on all Sporcle quizzes.
OR
Log In

Show Comments

Extras

Top Quizzes Today


Score Distribution

Your Account Isn't Verified!

In order to create a playlist on Sporcle, you need to verify the email address you used during registration. Go to your Sporcle Settings to finish the process.

Report this User

Report this user for behavior that violates our Community Guidelines.

Details: